[Event "Challenge"]
[Site "http://www.queenalice.com/game.php?id=1361492"]
[Date "2015.5.24"]
[Round "-"]
[White "vangogh"]
[Black "Jorgecas"]
[Result "0-1"]
[WhiteElo "1533"]
[BlackElo "1522"]

1. e4 e5 2. d4 Bd6 3. d5 Qf6 4. Be3 h6 5. a3 h5 6. h4 Nh6 7. Nc3 Ng4 8. f3 Nxe3
9. Qe2 Nxf1 10. Qxf1 a6 11. b4 b5 12. O-O-O c5 13. bxc5 Bxc5 14. Nge2 Bxa3+ 15.
Kb1 b4 16. Na4 Ra7 17. Rd3 a5 18. c3 Na6 19. Qf2 Rb7 20. Rc1 Bxc1 21. Kxc1 d6
22. cxb4 Nxb4 23. Rc3 Na2+ 24. Kd1 Nxc3+ 25. Naxc3 O-O 26. Nc1 Bd7 27. g3 Rfb8
28. f4 Bg4+ 29. Ke1 Rb2 30. Qa7 Qd8 31. Nd3 R2b3 32. Kd2 Qb6 33. Qxb6 R8xb6 34.
fxe5 dxe5 35. Nxe5 Rb2+ 36. Kc1 Rh2 37. Nc4 Ra6 38. d6 Rc6 39. Nxa5 Rxc3+ 40.
Kb1 Re3 41. Nb7 Re1# 0-1

[Event "Challenge"]
[Site "http://www.queenalice.com/game.php?id=1362925"]
[Date "2015.6.1"]
[Round "-"]
[White "Jorgecas"]
[Black "vangogh"]
[Result "1-0"]
[WhiteElo "1545"]
[BlackElo "1531"]

1. d4 d5 2. e3 Nf6 3. h3 h6 4. f3 c6 5. g4 g5 6. Bd3 Qd6 7. Ne2 b5 8. a3 e5 9.
dxe5 Qxe5 10. a4 a6 11. axb5 d4 12. c3 cxb5 13. b4 dxc3 14. Nbxc3 Bxb4 15. Bb2
Qxe3 16. Be4 Ra7 17. Qd3 Qc5 18. Rc1 Rd7 19. Qc2 Bxc3+ 20. Bxc3 Qd6 21. Bxf6 Rc7
22. Qxc7 Qb4+ 23. Kf2 Rg8 24. Qxc8# 1-0

[Event "Challenge"]
[Site "http://www.queenalice.com/game.php?id=1362926"]
[Date "2015.6.1"]
[Round "-"]
[White "vangogh"]
[Black "Jorgecas"]
[Result "0-1"]
[WhiteElo "1553"]
[BlackElo "1528"]

1. e4 e5 2. d4 Qf6 3. d5 h6 4. a3 Bc5 5. Nh3 d6 6. b4 Bd4 7. c3 Bxh3 8. cxd4
Bxg2 9. Bxg2 exd4 10. Ra2 Ne7 11. O-O Ng6 12. Rd2 Nh4 13. Qg4 Nd7 14. Bb2 Ne5
15. Qd1 Nef3+ 16. Bxf3 Qxf3 17. Bxd4 Qg2# 0-1

[Event "Challenge"]
[Site "http://www.queenalice.com/game.php?id=1363549"]
[Date "2015.6.4"]
[Round "-"]
[White "Jorgecas"]
[Black "Camy"]
[Result "0-1"]
[WhiteElo "1517"]
[BlackElo "1748"]

1. e4 e6 2. Qf3 Nc6 3. c3 Qg5 4. h4 Qa5 5. d4 Nxd4 6. Qd3 Nb3 7. axb3 Qxa1 8.
Ne2 Bd6 9. g3 b6 10. Bg2 Ba6 11. c4 Bb7 12. Na3 Ne7 13. O-O Be5 14. Rd1 d6 15.
Nc3 Bc6 16. Qc2 Bxc3 17. bxc3 a5 18. Bb2 Qa2 19. Ra1 Qxa1+ 20. Bxa1 a4 21. b4
O-O 22. b5 Bb7 23. c5 bxc5 24. c4 e5 25. Qe2 f5 26. h5 Bxe4 27. Bxe4 fxe4 28.
Qxe4 Nf5 29. g4 Nd4 30. Bc3 Rab8 31. Bd2 Rf7 32. g5 Nf3+ 33. Kg2 Nxd2 34. Qd5
Nf3 35. g6 hxg6 36. hxg6 Nh4+ 0-1

[Event "Challenge"]
[Site "http://www.queenalice.com/game.php?id=1363552"]
[Date "2015.6.4"]
[Round "-"]
[White "Jorgecas"]
[Black "vangogh"]
[Result "1-0"]
[WhiteElo "1553"]
[BlackElo "1483"]

1. e4 e5 2. Qf3 f6 3. Bc4 Ne7 4. c3 c5 5. a3 a6 6. b4 d6 7. g4 g6 8. Qxf6 d5 9.
Qxh8 dxc4 10. h3 h6 11. d4 exd4 12. Qe5 Nc6 13. Qxc5 dxc3 14. Qxc4 Bg7 15. Nxc3
Bxc3+ 16. Qxc3 Qd5 17. exd5 Nxd5 18. Qh8+ Kd7 19. Bxh6 b5 20. Rd1 Kd6 21. Qf8+
Ne7 22. Nf3 Ra7 23. O-O Bb7 24. Qd8+ Ke6 25. Rfe1+ Kf7 26. Qf8# 1-0

[Event "Challenge"]
[Site "http://www.queenalice.com/game.php?id=1363553"]
[Date "2015.6.4"]
[Round "-"]
[White "vangogh"]
[Black "Jorgecas"]
[Result "1-0"]
[WhiteElo "1476"]
[BlackElo "1573"]

1. e4 e5 2. d4 Bd6 3. d5 Qf6 4. g3 h6 5. h4 h5 6. g4 g5 7. hxg5 Qg7 8. gxh5 Qf8
9. Qg4 Ne7 10. c4 Bc5 11. Nf3 d6 12. Qg3 f5 13. Bd3 Na6 14. g6 Nxg6 15. Qxg6+
Kd8 16. Bg5+ Kd7 17. Qe6# 1-0

[Event "Challenge"]
[Site "http://www.queenalice.com/game.php?id=1363687"]
[Date "2015.6.5"]
[Round "-"]
[White "vangogh"]
[Black "Jorgecas"]
[Result "0-1"]
[WhiteElo "1470"]
[BlackElo "1558"]

1. e4 e5 2. d4 Qf6 3. d5 Bc5 4. Nf3 h6 5. g4 g5 6. a3 d6 7. h3 c6 8. Nc3 b5 9.
b3 b4 10. Na4 Bd4 11. Rb1 Ba6 12. Bxa6 Nxa6 13. Qd3 Bc3+ 14. Bd2 Bxd2+ 15. Qxd2
Qxf3 16. Rh2 Qf6 17. axb4 Rb8 18. c3 Ne7 19. Qd3 Nc7 20. Qc4 Nb5 21. dxc6 Na3
22. Qa6 Nxb1 23. Qxa7 O-O 24. c7 Rbc8 25. Nb6 Nc6 26. Qb7 Nxc3 27. Nxc8 Qf3 28.
Ne7+ Nxe7 29. b5 Qe2# 0-1

[Event "Challenge"]
[Site "http://www.queenalice.com/game.php?id=1364543"]
[Date "2015.6.9"]
[Round "-"]
[White "Bategoll"]
[Black "Jorgecas"]
[Result "1-0"]
[WhiteElo "1896"]
[BlackElo "1573"]

1. d4 d5 2. Nf3 f6 3. e3 Bg4 4. Nc3 c6 5. h3 Bxf3 6. Qxf3 e6 7. Bd3 Bb4 8. Qh5+
Kd7 9. Qf7+ Qe7 10. Qxe7+ Nxe7 11. Bd2 Bxc3 12. Bxc3 f5 13. O-O-O Ng6 14. f4 h5
15. a3 b5 16. b4 a6 17. Be2 Nh4 18. Rdg1 Ke7 19. Be1 Ng6 20. c3 Nd7 21. g4 fxg4
22. hxg4 h4 23. f5 Ngf8 24. Bxh4+ Ke8 25. fxe6 Nxe6 26. Bg3 Rxh1 27. Rxh1 Ndf8
28. Bd6 Kd7 29. Bc5 Ng6 30. Rf1 Nd8 31. g5 Ne6 32. Bg4 Rf8 33. Bxf8 Nxf8 34.
Rxf8 Ke7 35. Bxe6 Kxf8 36. Bc8 Ke7 37. Bxa6 Ke6 38. Kd2 Kf5 39. Bb7 Kxg5 40.
Bxc6 Kf6 41. Bxd5 g5 42. Ke2 g4 43. Kf2 Kg5 44. Kg3 Kf5 45. Bc6 Ke6 46. Bxb5 Kf5
47. Bc6 Kg5 48. b5 1-0

[Event "Challenge"]
[Site "http://www.queenalice.com/game.php?id=1364556"]
[Date "2015.6.9"]
[Round "-"]
[White "Jorgecas"]
[Black "vangogh"]
[Result "1-0"]
[WhiteElo "1570"]
[BlackElo "1456"]

1. e4 e5 2. Qf3 f6 3. Bc4 Nh6 4. h3 g5 5. g4 a6 6. a4 Nc6 7. c3 Na5 8. d3 c5 9.
h4 Nxc4 10. dxc4 d6 11. Qe3 Nxg4 12. Qg3 b6 13. hxg5 fxg5 14. Nf3 Bb7 15. Qxg4
h6 16. Bxg5 Rg8 17. Qh5+ Kd7 18. Qf7+ Be7 19. Rxh6 Bxe4 20. Qe6+ Kc6 21. Bxe7
Qd7 22. Nxe5+ 1-0

[Event "Challenge"]
[Site "http://www.queenalice.com/game.php?id=1364694"]
[Date "2015.6.10"]
[Round "-"]
[White "eduardocosta"]
[Black "Jorgecas"]
[Result "1-0"]
[WhiteElo "1740"]
[BlackElo "1626"]

1. e3 e5 2. Be2 Qf6 3. b3 a6 4. Bb2 Nc6 5. Nc3 Nge7 6. Ne4 Qe6 7. Nf3 f6 8. O-O
g5 9. d4 d6 10. a4 d5 11. Nc5 Qg8 12. dxe5 fxe5 13. Qc1 b6 14. Nd3 h6 15. Nfxe5
Nxe5 16. Bxe5 Rh7 17. Ne1 Nc6 18. Bb2 Be6 19. Bd3 Rf7 20. Qb1 Ne5 21. Bxe5 g4
22. c4 Bd6 23. Bxd6 cxd6 24. Bg6 O-O-O 25. Bxf7 Bxf7 26. cxd5 Bxd5 27. Ra3 Kb8
28. Nc2 a5 29. Nd4 Re8 30. b4 axb4 31. Qxb4 Bb7 32. Qxb6 Qd5 33. f3 Rg8 34. e4
Qc5 35. Qxc5 dxc5 36. Ne6 c4 37. Rc1 Rc8 38. Rac3 gxf3 39. gxf3 Ba6 40. Ng7 Rg8
41. Kf2 Rxg7 42. e5 Re7 43. f4 Kc7 44. Kf3 Bb7+ 45. Ke3 Ba6 46. Ke4 Re6 47. Kd5
Kd7 48. f5 Bb7+ 49. Kd4 Re8 50. Rxc4 Ba6 51. Rc6 Rc8 52. Rd6+ Ke8 53. Rxc8+ Bxc8
54. Rxh6 Bxf5 55. a5 Kd8 56. a6 Kc7 57. Kd5 Kb8 58. e6 1-0

[Event "Challenge"]
[Site "http://www.queenalice.com/game.php?id=1364811"]
[Date "2015.6.10"]
[Round "-"]
[White "Jorgecas"]
[Black "vangogh"]
[Result "1-0"]
[WhiteElo "1567"]
[BlackElo "1471"]

1. e4 e5 2. Qf3 d6 3. Bc4 Nh6 4. d3 g5 5. h3 Rg8 6. g4 c6 7. h4 Bxg4 8. Bxf7+
Nxf7 9. Qxg4 c5 10. Bxg5 Qd7 11. Qxd7+ Kxd7 12. Na3 h6 13. Bd2 Nc6 14. c3 a5 15.
Ne2 Rb8 16. Nb5 Be7 17. O-O-O Rg2 18. Be3 Ra8 19. Rdg1 Rxg1+ 20. Rxg1 Rf8 21. h5
a4 22. Rg7 Bf6 23. Rh7 Rh8 24. Rxf7+ Ke6 25. Rxb7 Rg8 26. Nc7+ Kd7 27. Bxh6 Kc8
28. Rb5 Kxc7 29. Bd2 Rh8 30. Ng3 Bh4 31. Nf5 Bxf2 32. Be3 Bxe3+ 33. Nxe3 Rxh5
34. Ng4 Rh1+ 35. Kd2 Rg1 36. Ne3 Kd7 37. Nd5 Rg2+ 38. Ke3 Nd8 39. b4 Kc6 40.
Rb6+ Kd7 41. a3 Ra2 42. c4 Rxa3 43. b5 Rb3 44. Ra6 Ra3 45. Ra7+ Kc8 46. b6 Kb8
47. Nc7 Nc6 48. Na6+ Kc8 49. Rc7+ Kd8 50. Rxc6 Rb3 51. Rxd6+ Ke7 52. Rc6 Kd7 53.
Rg6 a3 54. Nxc5+ 1-0

[Event "Challenge"]
[Site "http://www.queenalice.com/game.php?id=1364937"]
[Date "2015.6.11"]
[Round "-"]
[White "eduardocosta"]
[Black "Jorgecas"]
[Result "1-0"]
[WhiteElo "1775"]
[BlackElo "1615"]

1. e3 e5 2. Be2 Qf6 3. Nc3 c6 4. Nf3 h6 5. Ne4 Qe6 6. Ng3 f6 7. d4 d5 8. b3 b5
9. dxe5 fxe5 10. Bb2 Bd6 11. a4 Ne7 12. axb5 Ng6 13. Nh5 Bf8 14. Ba3 e4 15. Bxf8
Kxf8 16. Nd4 Qd6 17. bxc6 Nxc6 18. O-O a6 19. Bg4 Nxd4 20. Bxc8 Rxc8 21. exd4
Rc7 22. Qe2 Kf7 23. Rxa6 Rc6 24. Rxc6 Qxc6 25. c4 Ne7 26. cxd5 Qxd5 27. Qe3 Nf5
28. Qc3 Nh4 29. Nf4 Qf5 30. Ne2 Rc8 31. Qe3 Qg6 32. Ng3 Nf5 33. Qxe4 Nxg3 34.
Qxg6+ Kxg6 35. hxg3 Rc3 36. Rb1 Rd3 37. b4 Rxd4 38. b5 Rd8 39. b6 Rb8 40. b7 Kf6
41. g4 Ke7 42. f3 Kd7 43. Kf2 Kc7 44. Ke3 Rxb7 45. Rxb7+ Kxb7 46. Ke4 Kc7 47.
Ke5 Kd7 48. f4 Ke7 49. g3 Kf7 50. Kf5 g6+ 51. Ke5 Kg7 52. f5 Kf7 53. f6 g5 54.
Kf5 Kf8 55. Kg6 Kg8 56. Kxh6 Kf7 57. Kxg5 Kf8 58. Kg6 Kg8 59. f7+ Kf8 60. g5 1-0

[Event "Challenge"]
[Site "http://www.queenalice.com/game.php?id=1365355"]
[Date "2015.6.13"]
[Round "-"]
[White "Jorgecas"]
[Black "Scaracioli"]
[Result "1-0"]
[WhiteElo "1590"]
[BlackElo "1791"]

1. e4 e5 2. Qf3 f6 3. Bc4 c6 4. Bxg8 Rxg8 5. Qh5+ g6 6. Qxh7 Rg7 7. Qh3 d5 8.
Qe3 d4 9. Qb3 b5 10. d3 a5 11. a4 b4 12. c4 dxc3 13. bxc3 Qb6 14. Bd2 c5 15. c4
g5 16. h3 Nc6 17. Be3 Nd4 18. Bxd4 exd4 19. Ne2 g4 20. Ng3 f5 21. hxg4 fxg4 22.
Nh5 Rg6 23. Nf4 Rg5 24. g3 Qc6 25. Nd2 Bd7 26. O-O-O O-O-O 27. Rh8 Bg7 28. Rxd8+
Kxd8 29. Rh1 Be5 30. Qd1 Qxa4 31. Qxa4 Bxa4 32. Ne6+ Ke7 33. Nxg5 Bd7 34. Nb3
Bf6 35. Rh7+ Kd6 36. e5+ Bxe5 37. Ne4+ Kc7 38. Nbxc5 Kb6 39. Nxd7+ Kc7 40. Nxe5+
Kb6 41. c5+ Kb5 42. Nc4 Ka4 43. Kb2 b3 44. c6 Kb4 45. c7 a4 46. c8=Q a3+ 47.
Nxa3 1-0

[Event "Challenge"]
[Site "http://www.queenalice.com/game.php?id=1365816"]
[Date "2015.6.16"]
[Round "-"]
[White "Jorgecas"]
[Black "Bategoll"]
[Result "0-1"]
[WhiteElo "1576"]
[BlackElo "1763"]

1. e4 e5 2. Qf3 Nc6 3. c3 a6 4. a3 d6 5. g3 Nf6 6. Bh3 Be7 7. d3 Bxh3 8. Nxh3
Qd7 9. Qf5 Qxf5 10. exf5 O-O-O 11. Nd2 d5 12. O-O h6 13. f3 g5 14. g4 Nd7 15. b4
f6 16. a4 Nf8 17. Ba3 h5 18. Nf2 h4 19. b5 axb5 20. Bxe7 Nxe7 21. axb5 Kd7 22.
Ra7 b6 23. Rfa1 Nh7 24. R1a6 Kd6 25. Rxc7 Kxc7 26. Nb3 Ra8 27. Rxa8 Rxa8 28. d4
exd4 29. Nxd4 Ra3 30. Ne6+ Kd6 31. Kg2 Rxc3 32. Nd4 Nf8 33. Kf1 Nd7 34. Nc6 Nxc6
35. Nd1 Rxf3+ 36. Kg2 Nce5 37. h3 Rg3+ 38. Kh2 Nf3+ 39. Kh1 Rxh3+ 40. Kg2 Rg3+
41. Kf2 Nd4 0-1

[Event "Challenge"]
[Site "http://www.queenalice.com/game.php?id=1365879"]
[Date "2015.6.16"]
[Round "-"]
[White "vangogh"]
[Black "Jorgecas"]
[Result "1/2-1/2"]
[WhiteElo "1450"]
[BlackElo "1581"]

1. e4 e5 2. d4 exd4 3. Qxd4 Nc6 4. Qd1 Qf6 5. a3 Bc5 6. Qe2 Nd4 7. Qc4 b6 8. b4
Nxc2+ 9. Qxc2 Qxa1 10. Bb2 Bxb4+ 11. Kd1 Qa2 12. Bc4 Qxb1+ 13. Qxb1 Bc5 1/2-1/2

[Event "Challenge"]
[Site "http://www.queenalice.com/game.php?id=1367681"]
[Date "2015.6.26"]
[Round "-"]
[White "Jorgecas"]
[Black "vangogh"]
[Result "1-0"]
[WhiteElo "1579"]
[BlackElo "1448"]

1. e4 e5 2. Qf3 Nf6 3. h3 h6 4. g4 g5 5. Nc3 Bb4 6. Nd5 Nxd5 7. Bc4 c6 8. exd5
b5 9. Bb3 Bb7 10. dxc6 Bxc6 11. Qxf7# 1-0

[Event "Challenge"]
[Site "http://www.queenalice.com/game.php?id=1367953"]
[Date "2015.6.27"]
[Round "-"]
[White "Jorgecas"]
[Black "vangogh"]
[Result "0-1"]
[WhiteElo "1571"]
[BlackElo "1517"]

1. e4 e5 2. Qf3 Nf6 3. Bc4 a6 4. a4 Bc5 5. Nh3 h6 6. d3 g5 7. Ng1 d6 8. h3 g4 9.
hxg4 Bxg4 10. Qg3 Qd7 11. Bxh6 Rg8 12. Bd5 Bd1 13. Bg7 Nh5 14. Qg5 Rxg7 15. Qd2
Qg4 16. g3 c6 17. Bxc6+ bxc6 18. Nc3 Bf3 19. Nxf3 Qxf3 20. Rf1 Bb4 21. Qe2 Qg4
22. Qxg4 Rxg4 23. O-O-O Bxc3 24. bxc3 Nd7 25. Rh1 Ndf6 26. c4 Rb8 27. Kd2 a5 28.
Rhg1 c5 29. f3 Rg5 30. g4 Nf4 31. Rh1 Kd7 32. Rh6 Rg6 33. Rxg6 Nxg6 34. g5 Nh5
35. Rh1 Nhf4 36. Rh7 Ke7 37. c3 Rb2+ 38. Kc1 Ra2 39. Kb1 Rxa4 40. Kc2 Ra2+ 41.
Kb3 Rf2 42. Ka4 Rxf3 43. Kxa5 Rxd3 44. Rh1 Rxc3 45. Kb5 Re3 46. Ra1 Rxe4 47.
Ra7+ Ke6 48. Ra4 Re1 49. Ra8 Kf5 50. Rd8 Rd1 51. Kc6 Kxg5 52. Rxd6 Rxd6+ 53.
Kxd6 Nd3 54. Kd5 f5 55. Ke6 e4 0-1

[Event "Challenge"]
[Site "http://www.queenalice.com/game.php?id=1367954"]
[Date "2015.6.27"]
[Round "-"]
[White "vangogh"]
[Black "Jorgecas"]
[Result "0-1"]
[WhiteElo "1521"]
[BlackElo "1614"]

1. e4 e5 2. d4 Qf6 3. d5 Bc5 4. Nf3 h6 5. Bc4 d6 6. O-O Bg4 7. Bb5+ c6 8. dxc6
bxc6 9. Bc4 g5 10. h3 Bxf3 11. gxf3 h5 12. Qd2 g4 13. Kg2 Qxf3+ 14. Kg1 gxh3 0-1

[Event "Challenge"]
[Site "http://www.queenalice.com/game.php?id=1368589"]
[Date "2015.6.30"]
[Round "-"]
[White "Scaracioli"]
[Black "Jorgecas"]
[Result "1-0"]
[WhiteElo "1659"]
[BlackElo "1605"]

1. e4 e5 2. Nf3 Qf6 3. d3 h6 4. Be2 g5 5. h3 Nc6 6. h4 g4 7. Ng1 Bc5 8. Be3 Nd4
9. Bxg4 h5 10. Bg5 Qb6 11. Bc1 hxg4 12. c3 Ne6 13. Qe2 Nf6 14. b4 Bd6 15. Be3 c5
16. Na3 cxb4 17. Bxb6 bxa3 18. Be3 b6 19. g3 Nc5 20. f3 Nh5 21. Bf2 gxf3 22.
Nxf3 f6 23. Rg1 Ba6 24. c4 b5 25. Qc2 bxc4 26. dxc4 Rb8 27. Rb1 O-O 28. Nd2
Rxb1+ 29. Nxb1 Rb8 30. Nxa3 Bb7 31. Qd1 Nxe4 32. Qxh5 Bxa3 33. Be3 Bb4+ 34. Kf1
Bf8 35. Qg6+ Bg7 36. Bh6 Nd2+ 37. Bxd2 Rf8 38. Bh6 Rf7 39. g4 d5 40. Rg2 dxc4
41. Rf2 Be4 42. Qxe4 Bxh6 43. g5 Bg7 44. Qg6 a5 45. Rxf6 Rxf6+ 46. gxf6 1-0

[Event "Challenge"]
[Site "http://www.queenalice.com/game.php?id=1370183"]
[Date "2015.7.6"]
[Round "-"]
[White "Jorgecas"]
[Black "vangogh"]
[Result "0-1"]
[WhiteElo "1591"]
[BlackElo "1497"]

1. e4 e5 2. Qf3 Qf6 3. Qxf6 Nxf6 4. Nc3 Bb4 5. Bc4 Bxc3 6. bxc3 Nxe4 7. f3 Ng5
8. d4 e4 9. f4 Ne6 10. Bxe6 dxe6 11. g3 O-O 12. Ba3 Rd8 13. Nh3 e5 14. fxe5 Bxh3
15. Ke2 Nc6 16. Ke3 Bf5 17. h3 Rd5 18. g4 Be6 19. Kxe4 Ra5 20. Bb4 Rb5 21. Rab1
Bxa2 22. Ra1 Bc4 23. Ra4 Bd5+ 24. Kd3 Bxh1 25. h4 Re8 26. Ra1 Bf3 27. Bc5 b6 28.
Bb4 Bxg4 29. Rg1 h5 30. Rf1 a5 31. Ba3 Rd8 32. Rf4 Nxe5+ 33. Ke4 Re8 34. dxe5
Rexe5+ 35. Kd3 f5 36. Rd4 c5 37. Rd8+ Kh7 38. c4 Rb1 39. Kc3 f4 40. Rd5 Re3+ 41.
Rd3 Rd1 42. Rxe3 fxe3 43. Kb3 e2 0-1

[Event "Challenge"]
[Site "http://www.queenalice.com/game.php?id=1371814"]
[Date "2015.7.15"]
[Round "-"]
[White "eduardocosta"]
[Black "Jorgecas"]
[Result "1-0"]
[WhiteElo "1771"]
[BlackElo "1553"]

1. e3 e5 2. Be2 Qf6 3. b3 h5 4. Bxh5 g6 5. Bf3 Bc5 6. Bb2 d6 7. Ne2 c6 8. Nbc3
Nh6 9. Ne4 Qe7 10. Nxc5 dxc5 11. Ng3 Bg4 12. Bxg4 f5 13. Be2 Rf8 14. Ba3 b6 15.
O-O Nd7 16. c3 Qh7 17. d4 Rd8 18. dxe5 Nxe5 19. Qc2 Neg4 20. Bxg4 Nxg4 21. h3
Nh6 22. Bb2 1-0

[Event "Challenge"]
[Site "http://www.queenalice.com/game.php?id=1372034"]
[Date "2015.7.18"]
[Round "-"]
[White "Canaye"]
[Black "Jorgecas"]
[Result "1-0"]
[WhiteElo "1947"]
[BlackElo "1535"]

1. d4 d5 2. c4 e6 3. Nc3 Bb4 4. cxd5 exd5 5. Bf4 Nf6 6. h3 Ne4 7. Qc2 Nc6 8. e3
Bf5 9. Bd3 Bxc3+ 10. bxc3 a6 11. Nf3 h6 12. Rb1 b6 13. O-O g5 14. Bh2 h5 15. Ne5
Nxe5 16. Bxe5 Rg8 17. a4 a5 18. Rb3 g4 19. h4 Qxh4 20. Bxc7 g3 21. fxg3 Rxg3 22.
Bxg3 Nxg3 23. Rxf5 Nxf5 24. Bxf5 Qe1+ 25. Kh2 Qxe3 26. Rxb6 Qf4+ 27. Kg1 Ra7 28.
Qf2 Qxf2+ 29. Kxf2 Rc7 30. Rd6 Rxc3 31. Rxd5 Rc4 32. Bd7+ Ke7 33. Bb5 Rc7 34.
Rxh5 Rc8 35. Ke3 Rc3+ 36. Ke4 Kf6 37. g4 Ke7 38. g5 Rg3 39. Kf4 1-0

[Event "Challenge"]
[Site "http://www.queenalice.com/game.php?id=1373235"]
[Date "2015.7.25"]
[Round "-"]
[White "Jorgecas"]
[Black "vangogh"]
[Result "0-1"]
[WhiteElo "1533"]
[BlackElo "1534"]

1. e4 e5 2. Qf3 f6 3. Bc4 d6 4. Bxg8 Rxg8 5. Qh5+ g6 6. Qxh7 Be6 7. Qh4 g5 8.
Qg3 Nc6 9. c3 d5 10. d3 d4 11. h4 Rh8 12. b4 b5 13. a3 a5 14. Bb2 a4 15. f3 dxc3
16. Nxc3 Qxd3 17. Qf2 Nd4 18. Rc1 Bb3 0-1